Logos des équipes de la Coupe du monde de rugby 2027. - Statistiques

Statistiques générales
  • Ce quiz a été pris 72 fois
  • Le résultat moyen est 20 sur 24
Statistiques - réponses
Par images Hint Réponse % Correct
Australie
100%
Poule A Nouvelle-Zélande
100%
Poule F Angleterre
95%
Canada
95%
Fidji
95%
Poule D Irlande
95%
Italie
95%
Poule B Afrique du Sud
94%
Poule E France
94%
Japon
92%
Ecosse
91%
Pays de Galles
91%
Etats-Unis
89%
Portugal
89%
Poule C Argentine
86%
Tonga
85%
Samoa
80%
Hong Kong Chine
74%
Géorgie
72%
Espagne
69%
Uruguay
69%
Chili
66%
Roumanie
63%
Zimbabwe
42%
Aucun quiz correspondant
Distribution des résultats
% des personnes avec chaque résultat
Percentile par nombre de réponses
Votre historique - résultats
Vous n’avez pas pris ce quiz